Paroles Le coup de soleil - Richard Cocciante - Statistiques

Statistiques générales
  • Ce quiz a été pris 1 750 fois
    1 721 depuis la dernière actualisation
  • Le résultat moyen est 281 sur 361
Statistiques - réponses
Réponse % Correct
à
100%
coup
100%
J'ai
100%
j'ai
100%
un
100%
Un
100%
attrapé
99%
d'amour,
99%
d'soleil
98%
d' soleil
98%
pas
98%
t'aime
98%
je
97%
Je
97%
la
97%
97%
La
97%
là,
97%
d'je
96%
d'je
96%
ma
95%
plus
95%
plus,
95%
t'es
95%
tes
95%
des
94%
Si
94%
si
94%
tu
94%
belle
93%
comment,
93%
Et
93%
et
93%
J'sais
93%
Mais
93%
mais
93%
nuit,
93%
nuit
93%
rêve,
93%
n'es
92%
n' es
92%
c'est
91%
J'dors
91%
super
91%
qui
90%
t'en
89%
Sur
87%
sur
87%
sûr,
87%
bateau
86%
en
86%
faut
86%
pis
86%
tant
86%
font
85%
j'fais
85%
J'fais
85%
Quand
85%
rappelle
85%
vas
85%
naufrage
84%
bateaux
82%
Me
82%
me
82%
ton
81%
sais,
80%
voyages
80%
envie
79%
paradis
79%
D'aller
78%
du
78%
toute
78%
là-bas,
76%
vois
76%
J'te
75%
nue
75%
qu'j'me
74%
le
73%
dans
71%
d'visiter
70%
demain
67%
face
67%
fenêtre
67%
satin
67%
viens
67%
j'me
66%
m'voir
63%
j'en
62%
dors
60%
les
59%
maison
58%
Ça
57%
mes
54%
est,
50%
est
50%
mon
50%
rue
50%
y
50%
j'aime
49%
J'aime
49%
tire
48%
vue
48%
depuis
46%
m'tirer,
44%
photos
44%
gens
43%
J'voulais
43%
voiliers
43%
ans,
41%
reconnais
41%
cent
40%
chansons
40%
faire
40%
J't'ai
40%
qu'j't'ai
40%
J'avais
39%
J'mets
37%
arc-en-ciel
36%
Il
36%
J'vis
36%
l' envers
36%
d'un
35%
on
35%
descendre
32%
fait
32%
l'eau,
32%
peut
32%
l'vide
31%
quartier
31%
qu'tu
31%
j'tombe
30%
J'veux
29%
mur
29%
décide
28%
mer
28%
m'jette
28%
beau,
27%
d'la
27%
près
27%
d'été
26%
fontaine
26%
m'attends
26%
calme,
25%
très
25%
pluies
23%
rêver,
23%
J'vais
22%
j'voudrais
22%
s'tirer
22%
non
21%
non...
21%
non,
21%
Non
21%
non.....
21%
voler,
21%
viennes
19%
ramer
13%
Aucun quiz correspondant
Distribution des résultats
% des personnes avec chaque résultat
Percentile par nombre de réponses
Votre historique - résultats
Vous n’avez pas pris ce quiz depuis la dernière actualisation